| 000 | 00899nam a2200253 a 4500 | ||
|---|---|---|---|
| 999 |
_c5165 _d5165 |
||
| 001 | 5165 | ||
| 003 | BD-JhCC | ||
| 005 | 20180227175734.0 | ||
| 008 | 171209s2011 bg ||||| |||| 00| 0 ben d | ||
| 020 | _a9840749641 | ||
| 035 | _a(BD-JhCC)5165 | ||
| 040 |
_aBD-JhCC _dBD-JhCC |
||
| 041 | _aben | ||
| 082 |
_a491.44709 _bBAN 2011 |
||
| 245 |
_aবাংলা একাডেমী প্রমিত বাংলা ভাষার ব্যাকরণ (প্রথম খন্ড) / _c রফিকুল ইসলাম, পবিত্র সরকার (সম্পা.) |
||
| 260 |
_aঢাকা : _bবাংলা একাডেমী, _c2011. |
||
| 300 |
_a504 p. : _c21 cm. |
||
| 650 | _aBengali Language | ||
| 650 | _aBengali grammar | ||
| 700 | _aইসলাম, রফিকুল | ||
| 700 | _aপবিত্র, সরকার | ||
| 942 |
_2ddc _cBK |
||